000 00578nam a2200253Ia 4500
005 20260121153901.0
008 008 260114s9999 xx 000 0 eng d
020 _a9781315236308
037 _aEBOOK
040 _aCRL
040 _beng
040 _cCRL
041 _2eng
041 _aeng
084 _qCRL
100 _aC.L. Ten
_91000322
245 0 _aTheories of Rights
260 _bTaylor and Francis
260 _c2006
856 _uhttp://www.taylorfrancis.com/books/9781315236308
942 _cEBOOK
999 _c1567143
_d1567143